[Event "Hastings Masters"]
[Site "Horntye Park Sports Complex, "]
[Date "2012.01.02"]
[Round "6.1"]
[White "Wang, Yue"]
[Black "Pert, Nicholas"]
[Result "1-0"]
[WhiteElo "2697"]
[BlackElo "2563"]
[PlyCount "79"]
[EventDate "2012.??.??"]
[TimeControl "120+43"]
[WhiteClock "1:40:00"]
[BlackClock "0:01:00"]

1. d4 e6 2. c4 f5 3. g3 Nf6 4. Bg2 Be7 5. Nf3 d6 6. Nc3 O-O 7. O-O Ne4 8. Bd2
Nd7 9. Qc2 Ndf6 10. Rad1 Qe8 11. Nxe4 Nxe4 12. Bc1 Bd7 13. Ne1 b5 14. cxb5 Bxb5
15. Bxe4 fxe4 16. Qxe4 Bf6 17. Nd3 Bc6 18. Qe3 Rb8 19. f3 a5 20. Bd2 Rb5 21.
Qf2 g5 22. g4 Bg7 23. Bc3 Qg6 24. Qe1 a4 25. Nb4 Bb7 26. a3 Rf7 27. Qd2 h5 28.
h3 hxg4 29. hxg4 Ra5 30. Qd3 Qxd3 31. Rxd3 Ra8 32. Rc1 Raf8 33. d5 e5 34. Kg2
e4 35. Re3 Re8 36. Kg3 Be5+ 37. Bxe5 Rxe5 38. Rxe4 Rxe4 39. fxe4 Kf8 40. Rc4
1-0

[Event "Hastings Masters"]
[Site "Horntye Park Sports Complex, "]
[Date "2012.01.02"]
[Round "6.2"]
[White "Istratescu, Andrei"]
[Black "Sengupta, Deep"]
[Result "0-1"]
[WhiteElo "2627"]
[BlackElo "2562"]
[PlyCount "76"]
[EventDate "2012.??.??"]
[TimeControl "120+24"]
[WhiteClock "0:17:43"]
[BlackClock "1:40:00"]

1. e4 e6 2. d4 d5 3. Nd2 Nf6 4. e5 Nfd7 5. c3 c5 6. Bd3 Nc6 7. Ne2 cxd4 8. cxd4
f6 9. Nf4 Nxd4 10. Qh5+ Ke7 11. exf6+ Nxf6 12. Ng6+ hxg6 13. Qxh8 Kf7 14. Qh4
e5 15. Nf3 Bb4+ 16. Kf1 e4 17. Nxd4 exd3 18. Bg5 Be7 19. Qg3 Qb6 20. Qxd3 Qxb2
21. Rd1 Qxa2 22. h4 a5 23. Rc1 Ne4 24. Qe3 Ba3 25. Rc7+ Kg8 26. g3 Bd6 27. Rc2
Qa4 28. Kg2 Bd7 29. Rhc1 Qb4 30. Qd3 a4 31. f3 Be5 32. Ne2 Qb3 33. Qd1 Bh3+ 34.
Kh2 Qxf3 35. Qxd5+ Kh7 36. Rg1 Nxg5 37. Qxe5 Qf2+ 38. Kh1 Nf3 0-1

[Event "Hastings Masters"]
[Site "Horntye Park Sports Complex, "]
[Date "2012.01.02"]
[Round "6.3"]
[White "Holzke, Frank"]
[Black "Edouard, Romain"]
[Result "1/2-1/2"]
[WhiteElo "2506"]
[BlackElo "2621"]
[PlyCount "36"]
[EventDate "2012.??.??"]
[TimeControl "120+17"]
[WhiteClock "1:00:00"]
[BlackClock "1:40:00"]

1. c4 c5 2. Nc3 g6 3. g3 Bg7 4. Bg2 Nc6 5. Nf3 e5 6. O-O Nge7 7. a3 O-O 8. Ne1
d6 9. Nc2 Be6 10. Ne3 Qd7 11. d3 Bh3 12. Ned5 Bxg2 13. Kxg2 Nxd5 14. cxd5 Ne7
15. e4 f5 16. Qa4 Qxa4 17. Nxa4 Rfc8 18. Nc3 a6 1/2-1/2

[Event "Hastings Masters"]
[Site "Horntye Park Sports Complex, "]
[Date "2012.01.02"]
[Round "6.4"]
[White "Vovk, Yuri"]
[Black "Shyam, Sundar M"]
[Result "0-1"]
[WhiteElo "2571"]
[BlackElo "2462"]
[PlyCount "56"]
[EventDate "2012.??.??"]
[TimeControl "120+27"]
[WhiteClock "0:29:31"]
[BlackClock "1:40:00"]

1. d4 d5 2. c4 c6 3. Nf3 Nf6 4. Nc3 e6 5. Qd3 dxc4 6. Qxc4 b5 7. Qd3 a6 8. Bg5
c5 9. Bxf6 gxf6 10. O-O-O Ra7 11. e3 Rd7 12. Qc2 Nc6 13. Nxb5 axb5 14. Bxb5 Qb6
15. Qa4 Rc7 16. Kb1 Bd7 17. d5 exd5 18. Rxd5 Be6 19. Rhd1 Be7 20. Nh4 Kf8 21.
Bxc6 Qxc6 22. Qc4 Bxd5 23. Rxd5 Rd7 24. e4 Qe6 25. a3 Rxd5 26. exd5 Qe1+ 27.
Ka2 Qxf2 28. Qg4 f5 0-1

[Event "Hastings Masters"]
[Site "Horntye Park Sports Complex, "]
[Date "2012.01.02"]
[Round "6.5"]
[White "Das, Arghyadip"]
[Black "Lalith, Babu M.R"]
[Result "0-1"]
[WhiteElo "2470"]
[BlackElo "2484"]
[PlyCount "48"]
[EventDate "2012.??.??"]
[TimeControl "120+30"]
[WhiteClock "1:39:00"]
[BlackClock "1:40:00"]

1. e4 c6 2. d4 d5 3. f3 Qb6 4. Nc3 dxe4 5. fxe4 e5 6. Nf3 exd4 7. Nxd4 Nf6 8.
e5 Nd5 9. Nxd5 cxd5 10. Bb5+ Bd7 11. Bxd7+ Nxd7 12. Nf3 O-O-O 13. Qe2 Bc5 14.
c3 Rhe8 15. b4 Nxe5 16. Nxe5 Bd6 17. Be3 Qc7 18. Ng4 f5 19. O-O f4 20. Qd3 fxe3
21. Nxe3 Bxh2+ 22. Kh1 Be5 23. Nxd5 Qc6 24. Rad1 Rxd5 0-1

[Event "Hastings Masters"]
[Site "Horntye Park Sports Complex, "]
[Date "2012.01.02"]
[Round "6.7"]
[White "Knott, Simon J B"]
[Black "Howell, David W L"]
[Result "1/2-1/2"]
[WhiteElo "2332"]
[BlackElo "2633"]
[PlyCount "53"]
[EventDate "2012.??.??"]
[TimeControl "120+29"]
[WhiteClock "1:38:00"]
[BlackClock "1:40:00"]

1. Nf3 d5 2. d4 Nf6 3. c4 e6 4. g3 dxc4 5. Bg2 Bb4+ 6. Bd2 a5 7. Qc2 b5 8. a4
c6 9. axb5 Nd5 10. Qxc4 O-O 11. bxc6 Qb6 12. O-O Ba6 13. Qc2 Nxc6 14. Nc3 Rac8
15. Nxd5 exd5 16. Bc3 Rfe8 17. Rfe1 Nxd4 18. Nxd4 Qxd4 19. Bxd4 Rxc2 20. Bc3
Bc4 21. Red1 Bxc3 22. bxc3 Rxc3 23. Bxd5 Bxe2 24. Rdc1 Rxc1+ 25. Rxc1 Bh5 26.
Ra1 Rd8 27. Rxa5 1/2-1/2

[Event "Hastings Masters"]
[Site "Horntye Park Sports Complex, "]
[Date "2012.01.02"]
[Round "6.8"]
[White "Massoni, Michael"]
[Black "Vovk, Andrey"]
[Result "0-1"]
[WhiteElo "2304"]
[BlackElo "2551"]
[PlyCount "138"]
[EventDate "2012.??.??"]
[TimeControl "120+22"]
[WhiteClock "0:01:17"]
[BlackClock "0:00:33"]

1. e4 e5 2. Nf3 Nc6 3. Bb5 a6 4. Ba4 Nf6 5. d3 d6 6. c3 g6 7. Nbd2 Bg7 8. Nf1
O-O 9. Bg5 h6 10. Bxf6 Bxf6 11. Ne3 Bg7 12. g4 Kh8 13. Bc2 f5 14. gxf5 gxf5 15.
Rg1 fxe4 16. dxe4 Rf4 17. Qe2 Be6 18. O-O-O Qf6 19. Rg3 Rf8 20. Rdg1 Rxf3 21.
Rxg7 Rxf2 22. Qh5 Qxg7 23. Rxg7 Kxg7 24. Bb3 Bxb3 25. axb3 R2f6 26. Nf5+ Kh7
27. Qh4 Nd8 28. Nxh6 Rxh6 29. Qe7+ Kg8 30. Qg5+ Kh7 31. Qe7+ Rf7 32. Qxd8 Rxh2
33. Kb1 a5 34. b4 axb4 35. cxb4 b6 36. b5 Rg2 37. Qc8 Kg7 38. Ka2 Rg3 39. Qd8
Rg4 40. Qa8 Rh4 41. Qd8 Rg4 42. Qa8 Rg2 43. Qc8 Rh2 44. Qd8 Kh7 45. Kb3 Rg2 46.
Qc8 Rf3+ 47. Kc4 Rc2+ 48. Kd5 Kh6 49. Qg4 Rf4 50. Qh3+ Kg5 51. b4 Rg4 52. Qe3+
Kh4 53. Qe1+ Rg3 54. Ke6 Rcc3 55. Kd7 Kg4 56. Ke6 Kf4 57. Kd5 Rgd3+ 58. Ke6 Re3
59. Qh4+ Kf3 60. Qh3+ Kxe4 61. Qh1+ Rf3 62. Qd1 Ke3 63. Qg1+ Kd2 64. Qg2+ Kc1
65. Qa2 e4 66. Kd5 e3 67. Ke4 e2 68. Qa1+ Kd2 69. Qb2+ Ke1 0-1

[Event "Hastings Masters"]
[Site "Horntye Park Sports Complex, "]
[Date "2012.01.02"]
[Round "6.10"]
[White "Haydon, David L "]
[Black "Simacek, Pavel"]
[Result "1-0"]
[WhiteElo "2296"]
[BlackElo "2448"]
[PlyCount "69"]
[EventDate "2012.??.??"]
[TimeControl "120+21"]
[WhiteClock "1:37:00"]
[BlackClock "1:40:00"]

1. Nf3 f5 2. g3 Nf6 3. Bg2 e6 4. O-O d5 5. d4 Bd6 6. b3 Qe7 7. c4 c6 8. Bb2 a5
9. Qc1 Na6 10. Nbd2 O-O 11. Ne5 Bd7 12. Nxd7 Nxd7 13. Nf3 b5 14. Qd2 bxc4 15.
bxc4 Rfb8 16. Bc3 Bb4 17. cxd5 cxd5 18. Bxb4 Rxb4 19. Rfc1 Qd6 20. e3 Nc7 21.
Ne1 Nb6 22. Bf1 Nc4 23. Bxc4 dxc4 24. Qc2 Qd7 25. a3 Ra4 26. Nf3 Nd5 27. Ne5
Qe8 28. Nxc4 Rc8 29. Qb3 Rb8 30. Qd3 h5 31. Rab1 Rxb1 32. Rxb1 Qc6 33. Nb2 Qc3
34. Qxc3 Nxc3 35. Ra1 1-0

[Event "Hastings Masters"]
[Site "Horntye Centre, Hastings, "]
[Date "2012.01.02"]
[Round "6.36"]
[White "Barton, R Alan"]
[Black "Rudd, Jack"]
[Result "0-1"]
[WhiteElo "2073"]
[BlackElo "2290"]
[Annotator "Brustkern"]
[PlyCount "76"]
[EventDate "2012.??.??"]

1. d4 Nf6 2. Nf3 c5 3. c3 d5 4. Bf4 Nc6 5. e3 Bf5 6. Nbd2 e6 7. Bb5 Qb6 8.
Bxc6+ bxc6 9. O-O Qxb2 10. Ne5 Qb5 11. a4 Qa6 12. a5 Nd7 13. g4 Bg6 14. Nxg6
hxg6 15. Qc2 g5 16. Bxg5 Qe2 17. Qd1 Qd3 18. Bf4 Qxc3 19. Nf3 c4 20. Qa4 Rc8
21. Rab1 f6 22. Bg3 Qd3 23. Qd1 Qh7 24. h4 Qg6 25. Ne1 Qe4 26. Rb7 g5 27. h5 f5
28. gxf5 exf5 29. Qf3 Qe6 30. Ng2 Qf7 31. Rfb1 g4 32. Qf4 Rxh5 33. Rb8 Nxb8 34.
Rxb8 Qe6 35. Rxc8+ (35. Qc7 $1 Rxb8 36. Qxb8+ Kf7 37. Qxa7+ $18) 35... Qxc8 36.
Qe5+ Kf7 37. Bh4 Rh6 38. Bg5 $2 Bd6 0-1

[Event "Hastings Masters"]
[Site "Horntye Centre, Hastings, "]
[Date "2012.01.02"]
[Round "6.37"]
[White "Drogou, Gerard"]
[Black "Olsarova, Tereza"]
[Result "1-0"]
[WhiteElo "2063"]
[BlackElo "2232"]
[Annotator "Brustkern"]
[PlyCount "77"]
[EventDate "2012.??.??"]

1. d4 d5 2. Nf3 c6 3. c4 e6 4. e3 Nf6 5. Nbd2 Nbd7 6. Bd3 Bd6 7. b3 e5 8. cxd5
cxd5 9. dxe5 Nxe5 10. Bb5+ Bd7 11. Bxd7+ Qxd7 12. O-O Nd3 13. Qe2 Nxc1 14.
Raxc1 O-O 15. Nd4 Rae8 16. Rfd1 Bb8 17. Qf3 Re5 18. Nf1 Ne4 19. Rd3 f5 20. Rcd1
g5 21. Qh5 f4 22. Nf3 Ref5 23. exf4 Nf6 24. Qh6 Bxf4 25. g3 g4 26. gxf4 Rh5 27.
Ne5 Qc8 {Diagram #} 28. Ng6 $1 hxg6 (28... Re8 29. Ne7+ Rxe7 30. Qxf6) (28...
Rxh6 $142 29. Ne7+ Kf7 30. Nxc8 Rxc8 31. Ne3) 29. Qxg6+ Kh8 30. Ne3 g3 31. fxg3
Qh3 32. Nf1 Rh6 33. Qg5 Kh7 34. Re1 Rf7 35. Qe5 Rg7 36. Qe6 Rg4 37. Qf5+ Rhg6
38. Re7+ Kh6 39. Qe5 1-0

[Event "Hastings Masters"]
[Site "Horntye Centre, Hastings, "]
[Date "2012.01.02"]
[Round "6.38"]
[White "Edwards, Jonathan"]
[Black "Ledger, Dave J"]
[Result "1-0"]
[WhiteElo "1825"]
[BlackElo "2228"]
[PlyCount "83"]
[EventDate "2012.??.??"]

1. e4 e5 2. Nf3 Nc6 3. Bc4 Bc5 4. b4 Bxb4 5. c3 Ba5 6. d4 exd4 7. O-O Nge7 8.
Ng5 Ne5 9. Nxf7 Nxf7 10. Bxf7+ Kxf7 11. Qh5+ g6 12. Qxa5 d3 13. Bh6 d6 14. f4
c5 15. Qa4 d5 16. Nd2 Bd7 17. Qd1 c4 18. Rb1 b5 19. Kh1 dxe4 20. Nxe4 Nf5 21.
Ng5+ Kg8 22. Qf3 Be8 23. Ne6 Qc8 24. Nc7 Rb8 25. Nxe8 Qxe8 26. Bg5 Kg7 27. g4
h6 28. gxf5 hxg5 29. f6+ Kf8 30. Rbe1 Qd7 31. Re7 Qd6 32. Qe4 Qxf6 33. Re6 Qf5
34. Qc6 Kg7 35. Re7+ Kh6 36. Re5 Rb6 37. Qg2 Qc8 38. fxg5+ Kh5 39. Rf3 Kh4 40.
Rf4+ Kh5 41. Qf3+ Qg4 42. Qxg4# 1-0

[Event "Hastings Masters"]
[Site "Horntye Centre, Hastings, "]
[Date "2012.01.02"]
[Round "6.43"]
[White "Martinsen, Stig K"]
[Black "Obsieger, Hendrik"]
[Result "1/2-1/2"]
[WhiteElo "2145"]
[BlackElo "1869"]
[PlyCount "51"]
[EventDate "2012.??.??"]

1. d4 Nf6 2. c4 g6 3. Nc3 Bg7 4. e4 d6 5. f3 O-O 6. Bg5 Nbd7 7. Nh3 c6 8. Nf2
a6 9. Qd2 b5 10. Rc1 Qb6 11. Be3 Qa5 12. b3 Bb7 13. Be2 bxc4 14. bxc4 c5 15.
dxc5 Nxc5 16. O-O Rfc8 17. Rfd1 Rab8 18. Nd5 Qxd2 19. Rxd2 Nxd5 20. cxd5 Na4
21. Rdc2 Rxc2 22. Rxc2 Rc8 23. Rxc8+ Bxc8 $11 24. Bf1 Nc3 25. Bc4 Bd7 26. Bxa6
$11 1/2-1/2

[Event "Hastings Masters"]
[Site "Horntye Centre, Hastings, "]
[Date "2012.01.02"]
[Round "6.44"]
[White "Helbig, Paul D"]
[Black "Fletcher, Michael"]
[Result "1-0"]
[WhiteElo "2128"]
[BlackElo "2008"]
[PlyCount "63"]
[EventDate "2012.??.??"]

1. e4 c5 2. Nc3 Nc6 3. g3 g6 4. Bg2 Bg7 5. d3 d6 6. Be3 Rb8 7. Qd2 b5 8. Nge2
b4 9. Nd1 Nd4 10. O-O e6 11. Nc1 a5 12. c3 Nb5 13. Ne2 Ne7 14. Bh6 O-O 15. Bxg7
Kxg7 16. Ne3 f5 17. exf5 Nxf5 18. d4 Qe7 19. dxc5 dxc5 20. Rad1 Nbd6 $11 21.
Nxf5+ Nxf5 22. Rfe1 Rb6 23. Nf4 Rd6 24. Qe2 Rfd8 25. Rxd6 Rxd6 26. Qe5+ Kg8 27.
Qxc5 Qd8 28. h4 Rd2 29. cxb4 Rxb2 30. Rc1 Bd7 31. bxa5 Rxa2 32. Qb6 1-0

[Event "Hastings Masters"]
[Site "Horntye Centre, Hastings, "]
[Date "2012.01.02"]
[Round "6.47"]
[White "Cafferty, Bernard"]
[Black "Van Veen, Wout"]
[Result "1-0"]
[WhiteElo "2127"]
[BlackElo "1944"]
[PlyCount "63"]
[EventDate "2012.??.??"]

1. c4 e5 2. Nc3 Nc6 3. Nf3 g6 4. g3 Bg7 5. Bg2 d6 6. d3 Nge7 7. O-O h5 8. Rb1
a5 9. a3 Nf5 10. h4 Nfd4 11. Nh2 f5 12. Bg5 Bf6 13. Bxf6 Qxf6 14. Nd5 Qg7 15.
f4 a4 16. e3 Ne6 17. Nf3 O-O 18. Nc3 Nc5 19. Ng5 Re8 20. Nd5 Nd8 21. Qc2 Nde6
22. Rbd1 Nxg5 23. fxg5 Kf8 24. Nf6 Re7 25. d4 Nb3 26. c5 Qf7 27. dxe5 Rxe5 28.
cxd6 cxd6 29. Rxd6 Be6 30. Rfd1 Qe7 31. Qc3 Rc5 32. Nd7+ 1-0

[Event "Hastings Masters"]
[Site "Horntye Centre, Hastings, "]
[Date "2012.01.02"]
[Round "6.52"]
[White "Willson, Ollie"]
[Black "Haria, Ravi"]
[Result "0-1"]
[WhiteElo "1664"]
[BlackElo "2045"]
[PlyCount "68"]
[EventDate "2012.??.??"]

1. f4 Nf6 2. Nf3 d6 3. d4 g6 4. e3 Bg7 5. Bd3 Nc6 6. c3 e5 7. e4 exd4 8. Nxd4
O-O 9. O-O Re8 10. Qc2 Nxd4 11. cxd4 Ng4 12. e5 dxe5 13. dxe5 Qd4+ 14. Kh1 Be6
15. h3 Ne3 16. Bxe3 Qxe3 17. Nc3 Rad8 18. Rf3 Qb6 19. Raf1 Re7 20. g4 $11 Bc8
21. Ne4 Bd7 22. Qc5 Qxc5 23. Nxc5 Be8 24. Be4 b6 25. Nb3 a5 26. Nc1 Rd4 27. Re3
h6 28. Nb3 Rxe4 29. Rxe4 Bc6 30. Rfe1 f5 31. gxf5 gxf5 32. Nd2 fxe4 33. Nxe4
Bxe5 34. Kg1 Bd4+ 0-1

[Event "Hastings Masters"]
[Site "Horntye Centre, Hastings, "]
[Date "2012.01.02"]
[Round "6.53"]
[White "Lewicki, Pawel"]
[Black "Spanton, Tim R"]
[Result "1-0"]
[WhiteElo "1850"]
[BlackElo "1978"]
[PlyCount "35"]
[EventDate "2012.??.??"]

1. c4 e6 2. b3 d5 3. Bb2 Nf6 4. Nf3 c5 5. e3 Nc6 6. d4 cxd4 7. exd4 Bb4+ 8. Nc3
Qa5 9. Rc1 Ne4 10. Qc2 g5 11. h3 f5 12. Bd3 g4 13. hxg4 fxg4 14. Bxe4 dxe4 15.
Nd2 Nxd4 16. Qxe4 e5 17. Rxh7 O-O 18. Qg6# 1-0

[Event "Hastings Masters"]
[Site "Horntye Centre, Hastings, "]
[Date "2012.01.02"]
[Round "6.55"]
[White "Macrae, James S"]
[Black "Pooley, Mark"]
[Result "1/2-1/2"]
[WhiteElo "1740"]
[BlackElo "1608"]
[PlyCount "50"]
[EventDate "2012.??.??"]

1. d4 g6 2. Nf3 Bg7 3. Bg5 h6 4. Bh4 d6 5. e3 Nd7 6. Bd3 Ngf6 7. Nbd2 c5 8. c3
Rb8 9. a4 g5 10. Bg3 Nh5 11. Qe2 Nxg3 12. hxg3 Qb6 13. Nc4 Qc7 14. O-O b6 15.
e4 Bb7 16. d5 Bc8 17. Na3 Ra8 18. Rac1 Qd8 19. Bb5 Bb7 20. Nc2 O-O 21. Ne3 Nf6
22. Nf5 a6 23. Bd3 Qd7 24. Nxg7 Kxg7 25. b3 Rh8 1/2-1/2

[Event "Hastings Masters"]
[Site "?"]
[Date "2012.01.02"]
[Round "6.56"]
[White "Kalairajah, Shyam"]
[Black "Penford, Bill"]
[Result "1/2-1/2"]
[WhiteElo "1830"]
[BlackElo "1728"]
[PlyCount "36"]

1. e4 e6 2. d4 d5 3. e5 c5 4. c3 Nc6 5. Nf3 Qb6 6. a3 c4 7. Nbd2 Na5 8. g3 Bd7
9. h4 Nb3 10. Nxb3 Ba4 11. Be3 Qxb3 12. Qxb3 Bxb3 13. Nd2 Ba4 14. Bh3 h5 15.
Ke2 Nh6 16. Nf3 Bc2 17. Rhg1 Bf5 18. Bxf5 Nxf5 1/2-1/2